Catálogo
 En Linea

The photographer´s handbook : (Registro nro. 40998)

Detalles MARC
000 -CABECERA
campo de control de longitud fija 00507nam a2200145 a 4500
001 - NÚMERO DE CONTROL
campo de control 000041508
005 - FECHA Y HORA DE LA ÚLTIMA TRANSACCIÓN
campo de control 20201002034943.0
008 - DATOS DE LONGITUD FIJA--INFORMACIÓN GENERAL
campo de control de longitud fija 131009s1978 xxua 001 0 eng d
040 ## - FUENTE DE LA CATALOGACIÓN
Centro catalogador/agencia de origen DO-SdBNP
Lengua de catalogación eng
Centro/agencia transcriptor BNPHU
082 ## - NÚMERO DE LA CLASIFICACIÓN DECIMAL DEWEY
Número de clasificación xxxxx
Número de documento/Ítem xxxxx
100 1# - ENTRADA PRINCIPAL--NOMBRE DE PERSONA
Nombre de persona Hedgecoe, John
9 (RLIN) 68215
245 10 - MENCIÓN DE TÍTULO
Título The photographer´s handbook :
Resto del título a complete reference manual of photographic tecniques, procedures, equiment and style /
Mención de responsabilidad, etc. Jonh Hedgecoe.
260 ## - PUBLICACIÓN, DISTRIBUCIÓN, ETC.
Lugar de publicación, distribución, etc. New York :
Nombre del editor, distribuidor, etc. Alfred A. Knopf,
Fecha de publicación, distribución, etc. 1978.
300 ## - DESCRIPCIÓN FÍSICA
Extensión 325 p. :
Otras características físicas il. ;
Dimensiones 25 cm.
Existencias
Estado de retiro Estado de pérdida Restricciones de uso No para préstamo Código de colección Localización permanente Ubicación/localización actual Ubicación en estantería Fecha de adquisición Número de inventario Total de préstamos Signatura topográfica completa Código de barras Fecha visto por última vez Precio válido a partir de Tipo de ítem Koha
      Excluido de préstamo Monografías: Libros y Folletos General General Depósito 09.10.2013 LF1   xxxxx xxxxx 41508-10 25.06.2020 25.06.2020 No se presta

Con tecnología Koha